Responses for show #6714 - Thursday, November 21, 2013

2013 Teachers Tournament final game 1.

Contestants

[<< previous game]

John Pearson, a 4th grade math teacher from Richardson, Texas

Becky Giardina, a 7th grade social studies teacher from Martinez, Georgia

Mary Beth Hammerstrom, a high school social studies teacher from Anchorage, Alaska

[next game >>]

Jeopardy! Round responses

DINOSAUR NAMES
ALL ABOUT ALGERIA
FAMOUS FORMER TEACHERS
LAW
CLASSIC AUTOMOBILE TAGS
RANDOM HOUSE DICTIONARY DEFINITIONS
    $200 17
Triceratops

Mary Beth
    $200 22
the Mediterranean

Mary Beth
    $200 12
Gene Simmons

John
    $200 1
an appeal

Becky
    $200 3
Toyota

Becky
    $200 2
awning

John
    $400 18
egg

Mary Beth
    $400 23
couscous

Mary Beth
    $400 13
Jon Hamm

John
    $400 5
larceny

John
    $400 27
Chevy

John
    $400 4
jubilee

Mary Beth
    $600 19
Tyrannosaurus rex

Mary Beth
    $600 24
France

Mary Beth
    $600 14
Sting

John
    $600 6
a patent troll

Mary Beth
    $600 28
(John: What is Ford?)

Jeep

John
Triple Stumper
    $600 9
obsolete

John
    $800 20
fingers

Mary Beth
    $800 25
Landon Donovan

Triple Stumper
    $800 15
Billy Crystal

John
    $800 7
blasphemy

Triple Stumper
    $800 29
(John: What is Cadillac?)

Lexus

John
Triple Stumper
    $800 10
iambic

John
    $1000 21
Brachiosaurus

John
    $1000 26
Constantine

Mary Beth
    $1000 16
Sheryl Crow

Mary Beth
    $1000 8
faith & credit

Mary Beth
    $1000 30
Dodge

Becky
    $1000 11
guttural

John

Scores at the first commercial break (after clue 15):

Mary Beth Becky John
$2,000 $400 $5,000

Scores at the end of the Jeopardy! Round:

Mary Beth Becky John
$7,200 $1,400 $5,000

Double Jeopardy! Round responses

WE'LL TEACH YOU A FEW THINGS
NONFICTION
TYPES OF MUSICAL INSTRUMENT
CHARTER SCHOOL
BROADWAY SHOWS BY CHARACTER
"E-Z-A"
(Alex: Those three letters are going to come up in that order, but not necessarily one after the other.)
    $400 14
square dancing

Mary Beth
    $400 2
reader

John
    $400 7
drum

Becky
    $400 22
(John: What is corporal punishment?)

capital punishment (the death penalty)

Mary BethJohn
    $400 21
The Producers

John
    $400 1
laissez-faire

Mary Beth
    $800 15
a plank (or planking)

John
    $800 10
Gray's Anatomy

John
    $800 8
organ

Mary Beth
    $800 27
Churchill & FDR

Mary Beth
    $800 23
The Book of Mormon

Mary Beth
    $800 3
(Mary Beth: What's the sneeze bar?)

the sneeze guard

Mary BethJohn
    $1200 16
the radiator

Mary Beth
    $1200 11
What Color Is Your Parachute?

Mary Beth
    $1200 9
flute

John
    $1200 28
China

Triple Stumper
    $1200 24
Mary Poppins

Becky
    $1200 4
a mezuzah

Triple Stumper
    $1600 17
an arpeggio

Mary Beth
    $1,000 12
Eats, Shoots & Leaves

Mary Beth
    $1600 19
saxophone

Triple Stumper
    $600 29
(Mary Beth: What is Germany?)

Switzerland

Mary Beth
    $1600 25
Hairspray

Mary Beth
    $1600 5
an extravaganza

John
    $2000 18
titration

Triple Stumper
    $2000 13
(John: Who is Du Bois?)

Booker T. Washington

John
Triple Stumper
    $2000 20
(Mary Beth: What's a piano?)

guitar

Mary Beth
Triple Stumper
    $2000 30
the Organization of African Unity

Triple Stumper
    $2000 26
How to Succeed in Business Without Really Trying

Mary Beth
    $2000 6
Hezbollah

Becky

Scores at the end of the Double Jeopardy! Round:

Mary Beth Becky John
$16,000 $5,000 $8,600

Final Jeopardy! Round responses

U.S. PRESIDENTS
BeckyWho is Andrew Johnson?
$5,000
JohnWho is Andrew Johns Fillmore
$6,600
Mary BethWho is Chester Arthur?
$5,000
Millard Fillmore

Final scores:

Mary Beth Becky John
$11,000 $0 $15,200

Game dynamics:

Coryat scores:

Mary Beth Becky John
$17,200 $5,000 $8,600
24 R
(including 2 DDs),
3 W
(including 1 DD)
6 R,
0 W
18 R,
4 W

Combined Coryat: $30,800

The J! Archive is created by fans, for fans. The Jeopardy! game show and all elements thereof, including but not limited to copyright and trademark thereto, are the property of Jeopardy Productions, Inc. and are protected under law. This website is not affiliated with, sponsored by, or operated by Jeopardy Productions, Inc. Join the discussion at JBoard.tv.